Central Library OPAC University of Rajshahi

يادگار غالب / / Yādgār-i Ġālib / (Record no. 85072)

MARC details
000 -LEADER
fixed length control field 00840nam a2200229 a 4500
001 - CONTROL NUMBER
control field 85072
003 - CONTROL NUMBER IDENTIFIER
rucl marc code BD-RjUL
005 - DATE AND TIME OF LATEST TRANSACTION
control field 20250626140431.0
008 - FIXED-LENGTH DATA ELEMENTS--GENERAL INFORMATION
fixed length control field 250626s1977 ii ||||| |||| 00| 0 urd d
035 ## - SYSTEM CONTROL NUMBER
System control number (BD-RjUL)85072
040 ## - CATALOGING SOURCE
Original cataloging agency BD-RjUL
Language of cataloging eng
Transcribing agency BD-RjUL
041 ## - LANGUAGE CODE
Language code of text/sound track or separate title urd
082 ## - DEWEY DECIMAL CLASSIFICATION NUMBER
Edition number 23
Classification number 891.439092
Author mark and year HAY 1977
100 ## - MAIN ENTRY--PERSONAL NAME
Personal name حالی ، خواجہ الطاف حسین ;; Hali, Khawaja Altaf Hussain
9 (RLIN) 15807
245 ## - TITLE STATEMENT
Title يادگار غالب / / Yādgār-i Ġālib /
Statement of responsibility, etc. Altaf hussain Hali ;; از خواجه الطاف حسين حالى
260 ## - PUBLICATION, DISTRIBUTION, ETC. (IMPRINT)
Place of publication, distribution, etc. NewDelhi :
Name of publisher, distributor, etc. مکتبۃ جامعہ ;
Date of publication, distribution, etc. 1977
300 ## - PHYSICAL DESCRIPTION
Pagination 219 p. ;
Size 18 cm
600 ## - SUBJECT ADDED ENTRY--PERSONAL NAME
Personal name Ghalib, Mirza Asadullah Khan,
Dates associated with a name 1797–1869
General subdivision Biography
650 ## - SUBJECT ADDED ENTRY--TOPICAL TERM
Topical term or geographic name as entry element Urdu poetry
Form subdivision History and criticism
9 (RLIN) 8497
Topical term or geographic name as entry element Poets, Urdu
Form subdivision Biography
Geographic subdivision India
9 (RLIN) 15809
942 ## - ADDED ENTRY ELEMENTS (KOHA)
Source of classification or shelving scheme Dewey Decimal Classification
Koha item type Books
Holdings
Lost status Source of classification or shelving scheme Damaged status Not for loan Collection code Permanent Location Current Location Shelving location Date acquired Source of acquisition Cost, normal purchase price Total Checkouts Full call number Date last seen Copy number Koha item type
  Dewey Decimal Classification   Not For Loan Non-fiction Central Library, University of Rajshahi Central Library, University of Rajshahi Reading Room 25/03/1980 India International 7.00   U 891.439092 HAY 1977 26/06/2025 C-1 Books